MARC

LEADER 00000nam0a2200000 4500
001 263337
005 20231101233729.0
035 |a (RuTPU)RU\TPU\book\286322 
090 |a 263337 
100 |a 20140607d1988 k y0rusy50 ca 
101 0 |a rus 
102 |a KZ 
105 |a a z 001zy 
200 1 |a Проблемы геологии месторождений цветных и черных металлов Казахстана  |e сборник научных трудов  |f Казахский научно-исследовательский институт минерального сырья 
210 |a Алма-Ата  |c Изд-во КазИМС  |d 1988 
215 |a 147 с.  |c ил. 
320 |a Библиография в конце статей 
606 1 |a Рудные (металлоносные) месторождения  |2 stltpush  |3 (RuTPU)RU\TPU\subj\26025  |9 50044 
610 1 |a цветные металлы 
610 1 |a черные металлы 
610 1 |a Казахстан 
610 1 |a рудные районы 
610 1 |a геология 
610 1 |a металлогения 
610 1 |a поисковые работы 
610 1 |a перспектива 
610 1 |a оптимальность 
610 1 |a рудообразование 
610 1 |a разведка 
675 |a 553.3./4  |v 3 
712 0 2 |a Казахский научно-исследовательский институт минерального сырья  |2 stltpush  |3 (RuTPU)RU\TPU\col\8431  |9 24524 
801 1 |a RU  |b 63413507  |c 20140607 
801 2 |a RU  |b 63413507  |c 20150305  |g RCR 
942 |c BK